On using the sycamore wood in the manufacturing of violins

Bibliographic Details
Main Author: Ličko, Juraj (Author)
Format: Article
Language:Slovak
English
PhysicalDescription:Obr., tab.
ISSN:0012-6136
Subjects:

MARC

LEADER 00000nab a2200000 a 4500
001 vtls000739148
003 SK-MaSNL
005 20260304132655.0
008 250429c2000 xo 0 slo
015 |a SNBRB2000/11-29103 
035 |a CLN000091008 
035 |a (urnnbn)urn:nbn:sk:snk:ar-003h7a 
035 |a (uuid)a8b09fe7-6dc2-4e28-b455-04ce1e26f280 
035 |a urn:nbn:sk:snk-ab7tbc 
040 |a SNKBUCL  |b slo  |c SNKBUCL  |e AACR2 
041 0 |a eng 
044 |a xo  |c SK 
080 |a 674.031.772.2:620.179.1  |2 1997 
080 |a 620.179.1  |2 1997 
080 |a 681.817.1  |2 1997 
100 1 |a Ličko, Juraj  |4 aut  |9 667309 
245 1 0 |a On using the sycamore wood in the manufacturing of violins  |c Juraj Ličko 
300 |b Obr., tab. 
504 |a Res. angl., nem., rus., slov. 
504 |a Bibliogr. odkazy 
650 0 7 |a javor horský  |x drevo  |x vlastnosti fyzikálne  |x testovanie  |x husle  |x výroba  |2 snkbucl  |9 1448330 
650 0 7 |a javorové drevo  |2 snkbucl  |9 134430 
650 0 7 |a testovanie nedeštruktívne  |2 snkbucl  |9 1448331 
650 0 7 |a husle  |2 snkbucl  |9 19562 
655 7 |a články z novín a časopisov  |2 snkbucl  |9 267496 
773 0 |t Drevársky výskum  |g Roč. 45, č. 1 (2000), s. 23-32  |x 0012-6136 
850 |a Slovenská národná knižnica 
852 |a Slovenská národná knižnica 
958 |a article9 
958 |a OND 
958 |a NB 
958 |a EUIPO 
992 |a RBX 
999 |c 2899404  |d 2901334